Từ điển điện tử - Tin học - Truyền thông Anh - Việt = English - Vietnamese Dictionary Of Electronics, Computer Science And Communications (About 20000 terms, with explanation and illustrations)

সংরক্ষণ করুন:
গ্রন্থ-পঞ্জীর বিবরন
বিন্যাস: গ্রন্থ
প্রকাশিত: Khoa học và kỹ thuật 1997
ট্যাগগুলো: ট্যাগ যুক্ত করুন
কোনো ট্যাগ নেই, প্রথমজন হিসাবে ট্যাগ করুন!
Thư viện lưu trữ: Mạng thư viện Đại học Đà Nẵng
LEADER 00626nam a22001811a 4500
001 000035713
003 12004
005 20160318111215.0
008 160318s1997 000
082 |a 603 
245 |a Từ điển điện tử - Tin học - Truyền thông Anh - Việt = English - Vietnamese Dictionary Of Electronics, Computer Science And Communications (About 20000 terms, with explanation and illustrations) 
260 |a Khoa học và kỹ thuật  |c 1997 
OWN |a LNN 
999 |a From the UDN01 
TYP |a Monograph 
980 |a Mạng thư viện Đại học Đà Nẵng